Štrukturálne východiská formovania terciárneho sektora v ekonomike Slovenska Štúdia
Enregistré dans:
| Auteur principal: | |
|---|---|
| Format: | Livre |
| Langue: | slovaque anglais |
| Publié: |
Bratislava
Prognostický ústav SAV
1991
|
| Édition: | 1. vyd. |
| Collection: | Pracovné materiály
Č.25 |
| Sujets: | |
| Tags: |
Pas de tags, Soyez le premier à ajouter un tag!
|
MARC
| LEADER | 00000nam a2200000 4500 | ||
|---|---|---|---|
| 001 | c013213 | ||
| 005 | 20221128074115.9 | ||
| 041 | 0 | |a slo | |
| 041 | 0 | |a eng | |
| 044 | |a SK | ||
| 245 | 1 | 0 | |a Štrukturálne východiská formovania terciárneho sektora v ekonomike Slovenska |b Štúdia |c Dalimil Stratil |
| 250 | |a 1. vyd. | ||
| 264 | 1 | |a Bratislava |b Prognostický ústav SAV |c 1991 | |
| 300 | |a 71 s. | ||
| 490 | 1 | |a Pracovné materiály |v Č.25 | |
| 830 | 0 | |a Pracovné materiály |v Č.25 | |
| 610 | 2 | 0 | |a sektor terciárny |
| 610 | 2 | 0 | |a Slovensko |
| 610 | 2 | 0 | |a hospodárstvo národné |
| 610 | 2 | 0 | |a štúdie |
| 100 | 1 | |a Stratil, Dalimil | |